Subdivision capitals closest to Brčko (BA) - Statistics

General Stats
  • This quiz has been taken 12 times
  • The average score is 8 of 20
Answer Stats
Distance (km) Answer % Correct
15 128 Banja Luka
100%
14 117 Sarajevo
100%
16 130 Beograd
83%
8 92 Novi Sad
67%
7 77 Osijek
50%
5 70 Slavonski Brod
50%
11 104 Zenica
50%
1 20 Orašje
33%
19 140 Pécs
33%
9 102 Požega
33%
6 71 Šabac
33%
2 39 Tuzla
33%
20 140 Užice
33%
3 55 Vukovar
33%
17 135 Goražde
17%
10 102 Sombor
17%
4 64 Sremska Mitrovica
17%
13 116 Travnik
17%
12 109 Valjevo
17%
18 136 Zrenjanin
0%
No matching quizzes found
Score Distribution
Percent of People with Each Score
Percentile by Number Answered
Your Score History
You have not taken this quiz